| 000 | 00763nam a2200229Ii 4500 | ||
|---|---|---|---|
| 003 | JO-AjNU | ||
| 008 | 230605s9999||||xx |||||||||||||| ||und|| | ||
| 017 | _a2006/4/730 | ||
| 020 | _a9957-462-11-3 | ||
| 040 |
_aJO-AjNU _bara _erda _cJO-AjNU |
||
| 041 | _aara | ||
| 050 | 1 | 4 | _aPJ7840.A74.D46.2006 |
| 100 | 3 |
_aتاليف جرار،حسني أدهم, _eauthor _924545 |
|
| 245 | 0 | 0 | _aذكريات الوطن والغربة |
| 250 | _aط1 | ||
| 264 | 3 | 1 | _aعمان: دار المامون للنشر والتوزيع،2006 |
| 300 | _a224ص | ||
| 336 |
_atext _btxt _2rdacontent |
||
| 337 |
_aunmediated _bn _2rdamedia |
||
| 338 |
_avolume _bnc _2rdacarrier |
||
| 650 | 4 |
_aذكريات الوطن والغربة-السيرة الذاتية-التراجم _924546 |
|
| 999 |
_aA9056 _c12624 _d12624 |
||